Vrai ou Faux - Chine - Statistiques

Statistiques générales
  • Ce quiz a été pris 19 290 fois
  • Le résultat moyen est 10 sur 15
Statistiques - réponses
Question Réponse % Correct
La Chine a plus d'un milliard d'habitants Vrai
96%
La Chine partage une frontière terrestre avec l'Inde Vrai
82%
Le papier est l'une des 4 Grandes Inventions de la Chine antique Vrai
81%
Pékin est la ville la plus peuplée de Chine Faux
80%
Les pandas géants n'existent pas à l'état sauvage hors de Chine Vrai
73%
Malgré sa superficie, la Chine n'a qu'un seul fuseau horaire Vrai
72%
Il est interdit pour un chinois d'être chrétien Faux
69%
Les nouilles chinoises sont nécessairement filiformes Faux
67%
Le chinois cantonais n'est pas compréhensible par un locuteur du mandarin Vrai
64%
La Rivière des Perles est le plus long fleuve de Chine Faux
63%
La Chine possède du territoire de part et d'autre de l'équateur Faux
61%
La dynastie Qin fut la première à régner sur une Chine unifiée Vrai
61%
Proportionnellement, la Chine possède moins de terre arables que l'Union Européenne Vrai
59%
Le zodiaque chinois comporte 14 signes Faux
49%
L'explorateur chinois Zheng He a navigué jusqu'en Europe Faux
18%
Aucun quiz correspondant
Distribution des résultats
% des personnes avec chaque résultat
Percentile par nombre de réponses
Votre historique - résultats
Vous n’avez pas pris ce quiz